000 00517cam a2200205ua 4500
020 _c295.00
041 _aeng
_h
082 _a515
_bRAM/NU
100 _aRama, Bhat B .
245 _aNumerical analysis in engineering /
_cRama B Bhat.
_hTextual Documents
260 _aNew Delhi :
_bNarosa Publishing House ,
_c2004.
300 _a320 ; .
365 _a295.00
500 _a20882 Scheme
504 _a
700 1 _aChakraverty, S .
942 _cBK
999 _c12176
_d12176